[Event "AUTO-INT-1353"]
[Site "http://www.queenalice.com/game.php?id=607973"]
[Date "2009.6.23"]
[Round "1"]
[White "antonin"]
[Black "Romerflu"]
[Result "1-0"]
[WhiteElo "1491"]
[BlackElo "1712"]

1. e4 e5 2. Bc4 Nc6 3. d3 h5 4. Nf3 d6 5. Ng5 Nd4 6. Be3 b5 7. Bxd4 f6 8. Nf7
Qd7 9. Nxh8 bxc4 10. Be3 Qb5 11. Nc3 Qxb2 12. Bd2 a5 13. Rb1 Qa3 14. Nb5 Qc5 15.
Ng6 Ne7 16. Nxf8 Kxf8 17. Qxh5 cxd3 18. cxd3 Qc2 19. Rc1 Qxd3 20. Nxc7 Qxe4+ 21.
Be3 Qb4+ 22. Kd1 Bb7 23. Nxa8 Bxa8 24. Qh8+ Ng8 25. Rc8+ Ke7 26. Rxa8 Qa4+ 27.
Ke2 Qxa2+ 28. Bd2 Qc4+ 29. Kd1 Qb3+ 30. Kc1 Qc4+ 31. Kb2 Qd4+ 32. Bc3 Qxf2+ 33.
Ka1 Qxg2 34. Ra7+ Ke6 35. Qxg8+ Kf5 36. Rb1 Qc6 37. Bxa5 Qa4+ 38. Kb2 Qd4+ 39.
Bc3 Qb6+ 40. Qb3 Qxa7 41. Rf1+ Kg6 42. Bb4 Qa6 43. Rf3 Qe2+ 44. Ka3 Qa6+ 45. Qa4
Qxa4+ 46. Kxa4 e4 47. Rf4 d5 48. Kb3 f5 49. Kc3 Kg5 50. Rf1 f4 51. Kd4 e3 52.
Be1 Kg4 53. Ke5 g5 54. Kxd5 f3 55. Ke4 Kh3 56. Kxf3 Kxh2 57. Bg3+ Kh3 58. Rh1#
1-0

[Event "AUTO-BEG-300"]
[Site "http://www.queenalice.com/game.php?id=614879"]
[Date "2009.7.8"]
[Round "2"]
[White "antonin"]
[Black "carina"]
[Result "1-0"]
[WhiteElo "1470"]
[BlackElo "1601"]

1. e4 d5 2. Nc3 e6 3. Bb5+ c6 4. Bd3 Bc5 5. Nf3 Nf6 6. exd5 cxd5 7. O-O d4 8.
Ne4 Nxe4 9. Bxe4 g6 10. Ne5 Bd6 11. Nf3 a5 12. Nxd4 Qd7 13. d3 h6 14. Be3 f5 15.
Bf3 Bc5 16. c3 Bxd4 17. Bxd4 O-O 18. Be5 Na6 19. Re1 Nc5 20. d4 Na4 21. Qb3 Re8
22. Bf4 g5 23. Be5 g4 24. Be2 Rf8 25. Bc4 Nb6 26. Qxb6 Qc6 27. Qxc6 bxc6 28. Bd6
Re8 29. Rad1 Ba6 30. Bxe6+ Kg7 31. Be5+ Kg6 32. Bd7 Re7 33. Bxc6 Rc8 34. Bf4
Rxe1+ 35. Rxe1 Rxc6 36. d5 Rf6 37. d6 Bc8 38. Rd1 Kh5 39. d7 Bxd7 40. Rxd7 Rb6
41. b3 a4 42. b4 Re6 43. Bd2 Re2 44. Kf1 Re6 45. Rd5 Rf6 46. f3 Kh4 47. Be1+ Kg5
48. fxg4 Kxg4 49. Bd2 h5 50. Kf2 f4 51. h3+ Kh4 52. Kf3 Rf7 53. Be1# 1-0

[Event "AUTO-BEG-300"]
[Site "http://www.queenalice.com/game.php?id=614880"]
[Date "2009.7.8"]
[Round "2"]
[White "carina"]
[Black "antonin"]
[Result "0-1"]
[WhiteElo "1603"]
[BlackElo "1419"]

1. e4 e5 2. Nf3 Nc6 3. d3 Nf6 4. Bg5 Be7 5. Bxf6 Bxf6 6. h4 d6 7. c3 O-O 8. d4
exd4 9. cxd4 Bg4 10. Be2 Bxh4 11. Nxh4 Bxe2 12. Qxe2 Nxd4 13. Qd2 Nb5 14. a4 Re8
15. f3 d5 16. Qxd5 Qxd5 17. axb5 Qxb5 18. Nd2 Qxb2 19. Rd1 Rad8 20. Rf1 g6 21.
Rf2 Qc3 22. g3 a5 23. Re2 a4 24. Kf2 a3 25. Nb1 Qb3 26. Rxd8 Rxd8 27. Nd2 Qb6+
28. Re3 Rxd2+ 29. Ke1 Qxe3+ 30. Kf1 Qf2# 0-1

[Event "Challenge"]
[Site "http://www.queenalice.com/game.php?id=676635"]
[Date "2009.11.2"]
[Round "-"]
[White "ymfrancois"]
[Black "antonin"]
[Result "1-0"]
[WhiteElo "1867"]
[BlackElo "1492"]

1. e4 e5 2. Nf3 Nc6 3. Bc4 d6 4. h3 Nf6 5. d3 Be7 6. Nc3 O-O 7. O-O Bd7 8. a3 a6
9. Bg5 b5 10. Bd5 Nxd5 11. Bxe7 Qxe7 12. Nxd5 Qd8 13. c3 Ne7 14. d4 Nxd5 15.
exd5 e4 16. Nd2 Re8 17. Re1 Bf5 18. Qh5 Qf6 19. Qe2 Qg6 20. Qe3 Rab8 21. b4 Ra8
22. Kh2 a5 23. Qf4 axb4 24. cxb4 Qf6 25. Qe3 Bg6 26. f3 h6 27. Nxe4 Qe7 28. Nf6+
gxf6 29. Qxe7 Rxe7 30. Rxe7 Kf8 31. Rxc7 Re8 32. Rb7 Bd3 33. Rb6 Rd8 34. a4 bxa4
35. Rxa4 Re8 36. Ra1 Rd8 37. Rb7 Bc4 38. Ra5 Bf1 39. b5 f5 40. Raa7 Kg7 41.
Rxf7+ Kg6 42. b6 Rb8 43. Rfb7 Re8 44. Rg7+ Kf6 45. Raf7# 1-0

[Event "AUTO-INT-2393"]
[Site "http://www.queenalice.com/game.php?id=1087311"]
[Date "2012.7.27"]
[Round "1"]
[White "NickThorp"]
[Black "antonin"]
[Result "1-0"]
[WhiteElo "1688"]
[BlackElo "1435"]

1. e4 e5 2. Nf3 Nc6 3. Bb5 a6 4. Bxc6 dxc6 5. O-O Be6 6. Nxe5 Bd6 7. Nf3 Bg4 8.
d3 Be6 9. Nc3 Nf6 10. Bg5 h6 11. Bh4 Ng4 12. Bxd8 Kxd8 13. e5 Nxe5 14. Nxe5 Bxe5
15. d4 Bf4 16. d5 cxd5 17. Nxd5 Bxd5 18. Qxd5+ Kc8 19. Qxf7 Be5 20. Qe6+ Kb8 21.
Qxe5 Ka7 22. Qxg7 Rhe8 23. Qxh6 Rad8 24. Rad1 b6 25. Rxd8 Rxd8 26. Qg7 1-0

[Event "AUTO-INT-2393"]
[Site "http://www.queenalice.com/game.php?id=1087312"]
[Date "2012.7.27"]
[Round "1"]
[White "antonin"]
[Black "NickThorp"]
[Result "0-1"]
[WhiteElo "1470"]
[BlackElo "1574"]

1. d4 d5 2. Nf3 e6 3. Bg5 Be7 4. e3 Bxg5 5. h4 Be7 6. Nc3 Nf6 7. Bb5+ Bd7 8.
Bxd7+ Nbxd7 9. Qd3 O-O 10. O-O-O Bb4 11. a3 Ba5 12. Nb5 c6 13. Nd6 b5 14. Nb7
Qb6 15. Nxa5 Qxa5 16. Ng5 Ne4 17. Nxe4 a6 18. Ng5 g6 19. h5 Nf6 20. hxg6 hxg6
0-1

[Event "AUTO-INT-2393"]
[Site "http://www.queenalice.com/game.php?id=1087325"]
[Date "2012.7.27"]
[Round "1"]
[White "MrDJRVD"]
[Black "antonin"]
[Result "1-0"]
[WhiteElo "1855"]
[BlackElo "1443"]

1. d4 d5 2. c4 dxc4 3. e3 e6 4. Bxc4 Nc6 5. Nf3 Bb4+ 6. Bd2 Nf6 7. O-O O-O 8. a3
Ba5 9. b4 Bb6 10. Nc3 Bd7 11. Be2 Ng4 12. Ne1 Nf6 13. Bf3 Qe7 14. Nd3 Nd8 15.
Rc1 Nc6 16. Nb1 e5 17. dxe5 Nxe5 18. Nxe5 Qxe5 19. Bxb7 Rab8 20. Bc3 1-0

[Event "AUTO-INT-2393"]
[Site "http://www.queenalice.com/game.php?id=1087326"]
[Date "2012.7.27"]
[Round "1"]
[White "antonin"]
[Black "MrDJRVD"]
[Result "0-1"]
[WhiteElo "1441"]
[BlackElo "1857"]

1. d4 d5 2. Nf3 e6 3. Nc3 g6 4. Bg5 Nf6 5. e3 Bg7 6. Bb5+ Bd7 7. O-O O-O 8. Ne5
a6 9. Bd3 Qc8 10. Nxd7 Nbxd7 11. Ne2 c5 12. dxc5 Nxc5 13. Nf4 Nxd3 14. Nxd3 Ne4
15. c3 Nxg5 16. Nf4 Ne4 17. Qd3 Nc5 18. Qd2 b5 19. c4 Ne4 20. Qd3 Bxb2 0-1

[Event "AUTO-INT-2393"]
[Site "http://www.queenalice.com/game.php?id=1087333"]
[Date "2012.7.27"]
[Round "1"]
[White "ac2012"]
[Black "antonin"]
[Result "1-0"]
[WhiteElo "1856"]
[BlackElo "1439"]

1. e4 e5 2. Nf3 Nc6 3. Bb5 Nf6 4. d3 Bb4+ 5. c3 Bd6 6. h3 a6 7. Ba4 b5 8. Bc2
Bb7 9. O-O O-O 10. Be3 Na5 11. b4 Nc6 12. Qc1 Be7 13. a4 bxa4 14. Bxa4 d5 15.
Bxc6 Bxc6 16. Nxe5 Qd6 17. Nxc6 Qxc6 18. Nd2 Rab8 19. Nb3 Bd6 20. f4 dxe4 21. d4
Qc4 22. Nd2 1-0

[Event "AUTO-INT-2393"]
[Site "http://www.queenalice.com/game.php?id=1087334"]
[Date "2012.7.27"]
[Round "1"]
[White "antonin"]
[Black "ac2012"]
[Result "0-1"]
[WhiteElo "1437"]
[BlackElo "1858"]

1. d4 d6 2. Nc3 e6 3. Nf3 h6 4. e3 a6 5. Bd2 Nf6 6. e4 Be7 7. Bd3 c6 8. O-O O-O
9. Bf4 Nbd7 10. Qe2 b5 11. e5 dxe5 12. Bxe5 Nd5 13. Nxd5 cxd5 14. Bf4 Nb6 15.
Rad1 Nc4 16. Bxc4 dxc4 17. Qe4 Rb8 18. Bxb8 Qa5 0-1

[Event "Challenge"]
[Site "http://www.queenalice.com/game.php?id=1111273"]
[Date "2012.10.11"]
[Round "-"]
[White "roli68"]
[Black "antonin"]
[Result "1-0"]
[WhiteElo "1524"]
[BlackElo "1456"]

1. e4 e5 2. Qh5 Nf6 3. Qxe5+ Be7 4. Nc3 O-O 5. Nh3 Nc6 6. Qg3 d5 7. f3 Be6 8. e5
Nxe5 9. Nf4 Nfg4 10. fxg4 Nxg4 11. h3 1-0